[Event "Olympiad-42"]
[Site "Baku"]
[Date "2016.09.13"]
[Round "11.4"]
[White "Mayed, Alrashedi"]
[Black "Kwon, Sehyun"]
[Result "1-0"]
[WhiteElo "2054"]
[BlackElo "2111"]
[PlyCount "49"]
[EventDate "2016.09.02"]
[EventType "team-swiss"]
[EventRounds "11"]
[EventCountry "AZE"]
[SourceTitle "CBM 175"]
[Source "ChessBase"]
[SourceDate "2016.11.10"]
[SourceVersion "1"]
[SourceVersionDate "2016.11.10"]
[SourceQuality "1"]
[WhiteTeam "United Arab Emirates"]
[BlackTeam "South Korea"]
[WhiteTeamCountry "UAE"]
[BlackTeamCountry "KOR"]

1. e4 c5 2. Nf3 g6 3. d4 cxd4 4. Nxd4 Nc6 5. c4 Nf6 6. Nc3 Nxd4 7. Qxd4 d6 8. Bg5 Bg7 9. Be2 0-0 10. Qd2 a5 11. Rd1 Be6 12. b3 a4 13. e5 Ng4 14. exd6 axb3 15. dxe7 Qxd2+ 16. Bxd2 Rfe8 17. axb3 Rxe7 18. 0-0 Rd7 19. h3 Rad8 20. Ne4 f5 21. Nc5 Rxd2 22. Nxe6 Rxd1 23. Bxd1 Rd6 24. Bf3 Rxe6 25. Bd5 1-0

[Event "Asia Cup"]
[Site "Abu Dhabi"]
[Date "2016.04.01"]
[Round "5.4"]
[White "Faisal, Ali"]
[Black "Mayed, Alrashedi"]
[Result "0-1"]
[WhiteElo "1827"]
[BlackElo "1977"]
[PlyCount "70"]
[EventDate "2016.03.28"]
[EventType "team-swiss"]
[EventRounds "9"]
[EventCountry "UAE"]
[SourceTitle "CBM 171 Extra"]
[Source "ChessBase"]
[SourceDate "2016.04.26"]
[SourceVersion "1"]
[SourceVersionDate "2016.04.26"]
[SourceQuality "1"]
[WhiteTeam "United Arab Emirates II"]
[BlackTeam "United Arab Emirates"]
[WhiteTeamCountry "UAE"]
[BlackTeamCountry "UAE"]

1. e4 c5 2. Nc3 Nc6 3. g3 g6 4. Bg2 Bg7 5. d3 e6 6. f4 d6 7. Nf3 Nge7 8. 0-0 0-0 9. Be3 Nd4 10. e5 Nxf3+ 11. Qxf3 dxe5 12. fxe5 Bxe5 13. Bxc5 f5 14. Qe3 Bf6 15. d4 Rf7 16. Nb5 Nd5 17. Bxd5 Qxd5 18. c4 Qxc4 19. Nd6 Qd5 20. Nxf7 Kxf7 21. Qh6 Bd7 22. Qxh7+ Bg7 23. Qh4 Bc6 24. Qe7+ Kg8 25. Kf2 Bxd4+ 26. Bxd4 Qxd4+ 27. Ke1 Qe3+ 28. Kd1 Bb5 29. Rf2 Qd3+ 30. Ke1 Qe4+ 31. Kd1 Qd5+ 32. Ke1 Rd8 33. Qxd8+ Qxd8 34. Rd2 Qb6 35. Rf2 Qe3+ 0-1

[Event "Al Ain op 4th"]
[Site "Al Ain"]
[Date "2015.12.23"]
[Round "1"]
[White "Babujian, Levon"]
[Black "Mayed, Alrashedi"]
[Result "1-0"]
[WhiteElo "2465"]
[BlackElo "1895"]
[PlyCount "83"]
[EventDate "2015.12.23"]
[EventType "swiss"]
[EventRounds "9"]
[EventCountry "UAE"]
[SourceTitle "CBM 170 Extra"]
[Source "ChessBase"]
[SourceDate "2016.02.25"]
[SourceVersion "1"]
[SourceVersionDate "2016.02.25"]
[SourceQuality "1"]

1. e4 e5 2. Nf3 Nc6 3. d4 exd4 4. Nxd4 Bc5 5. Nb3 Bb6 6. Nc3 Nge7 7. Bg5 f6 8. Bh4 0-0 9. Bc4+ Kh8 10. f4 d6 11. Qf3 Ng6 12. Bg3 f5 13. 0-0-0 fxe4 14. Qxe4 Bf5 15. Qf3 Qd7 16. h3 Nb4 17. Nd4 Bxd4 18. Rxd4 Nxc2 19. Rd2 Nb4 20. Qxb7 Rab8 21. Qf3 Rb6 22. Re1 Rfb8 23. a3 Nc2 24. Rxc2 Bxc2 25. Be6 Qd8 26. b4 Ra6 27. Kxc2 Rxa3 28. Qc6 Ne7 29. Qd7 Qxd7 30. Bxd7 Nd5 31. Nxd5 Rxg3 32. Re2 c5 33. b5 Kg8 34. f5 c4 35. Bc6 Kf8 36. Ne3 Rd8 37. Kc3 d5 38. Kd4 Kf7 39. Bxd5+ Kf6 40. Kxc4 Rc8+ 41. Kd4 Rb8 42. Bc6 1-0

[Event "Al Ain op 3rd"]
[Site "Al Ain"]
[Date "2014.12.20"]
[Round "3"]
[White "Puranik, Abhimanyu Sameer"]
[Black "Mayed, Alrashedi"]
[Result "1-0"]
[WhiteElo "2255"]
[BlackElo "1908"]
[PlyCount "99"]
[EventDate "2014.12.19"]
[EventType "swiss"]
[EventRounds "9"]
[EventCountry "UAE"]
[SourceTitle "CBM 164 Extra"]
[Source "ChessBase"]
[SourceDate "2015.03.02"]
[SourceVersion "1"]
[SourceVersionDate "2015.03.02"]
[SourceQuality "1"]

1. e4 e5 2. Nf3 Nc6 3. Bb5 a6 4. Ba4 Nf6 5. d3 b5 6. Bb3 Bb7 7. 0-0 Be7 8. Re1 0-0 9. h3 d6 10. c3 Na5 11. Bc2 c5 12. Nbd2 Nc6 13. Nf1 Re8 14. Ng3 Bf8 15. d4 cxd4 16. cxd4 exd4 17. Nxd4 Nxd4 18. Qxd4 h6 19. Bf4 Qc7 20. Rac1 Qc4 21. Qxc4 bxc4 22. Ba4 Rec8 23. Rcd1 Rd8 24. Bd2 a5 25. Bc3 Nd7 26. Bb5 d5 27. exd5 Nb6 28. Bc6 Bxc6 29. dxc6 Rdc8 30. Nf5 Na4 31. Re3 g6 32. Nd4 Bg7 33. Re7 Bf6 34. Rb7 Nxc3 35. bxc3 Bxd4 36. Rxd4 Rxc6 37. Rf4 f5 38. Rd4 h5 39. Rdd7 Re8 40. Kh2 Rce6 41. Kg3 Re2 42. a4 R8e6 43. Rdc7 R2e4 44. f3 h4+ 45. Kh2 Re1 46. Rg7+ Kh8 47. Rh7+ Kg8 48. Rxh4 Rc6 49. Rd4 Re8 50. Kg3 1-0

[Event "Al Ain op 3rd"]
[Site "Al Ain"]
[Date "2014.12.19"]
[Round "1"]
[White "Mayed, Alrashedi"]
[Black "Bajarani, Ulvi"]
[Result "0-1"]
[WhiteElo "1908"]
[BlackElo "2494"]
[PlyCount "44"]
[EventDate "2014.12.19"]
[EventType "swiss"]
[EventRounds "9"]
[EventCountry "UAE"]
[SourceTitle "CBM 164 Extra"]
[Source "ChessBase"]
[SourceDate "2015.03.02"]
[SourceVersion "1"]
[SourceVersionDate "2015.03.02"]
[SourceQuality "1"]

1. e4 e6 2. d4 d5 3. Nd2 Be7 4. e5 c5 5. c3 Nc6 6. Ngf3 cxd4 7. cxd4 Qb6 8. Nb3 a5 9. a4 Bb4+ 10. Bd2 Bxd2+ 11. Kxd2 Qb4+ 12. Ke3 Nge7 13. Bd3 f6 14. exf6 gxf6 15. Re1 e5 16. Bb5 Bg4 17. h3 Nf5+ 18. Ke2 Bxf3+ 19. Kxf3 Qxb3+ 20. Ke2 Nfxd4+ 21. Kf1 Qxd1 22. Raxd1 Kf7 0-1

[Event "Al Ain rapid"]
[Site "Al Ain"]
[Date "2014.12.18"]
[Round "4"]
[White "Mayed, Alrashedi"]
[Black "Sagar, Shah"]
[Result "0-1"]
[WhiteElo "1764"]
[BlackElo "2302"]
[PlyCount "80"]
[EventDate "2014.12.18"]
[EventType "swiss (rapid)"]
[EventRounds "7"]
[EventCountry "UAE"]
[SourceTitle "EXT 2016"]
[Source "ChessBase"]
[SourceDate "2015.10.08"]
[SourceVersion "1"]
[SourceVersionDate "2015.10.08"]
[SourceQuality "1"]

1. e4 c6 2. d4 d5 3. Nc3 dxe4 4. Nxe4 Bf5 5. Ng3 Bg6 6. h4 h6 7. Nf3 Nd7 8. h5 Bh7 9. Bd3 Bxd3 10. Qxd3 e6 11. Bf4 Qa5+ 12. Bd2 Bb4 13. c3 Be7 14. c4 Qc7 15. Qe2 Ngf6 16. Ne4 Nxe4 17. Qxe4 Nf6 18. Qe2 0-0 19. g4 c5 20. dxc5 Qxc5 21. g5 hxg5 22. Nxg5 Rac8 23. Rc1 Rcd8 24. h6 g6 25. h7+ Kg7 26. Ne4 Nxe4 27. Qxe4 Rxd2 28. Kxd2 Qxf2+ 29. Kc3 Bf6+ 30. Kb4 Qxb2+ 31. Ka4 Qxa2+ 32. Kb4 a5+ 33. Kc5 Rc8+ 34. Kb6 Qb2+ 35. Ka7 Bd4+ 36. c5 Kh8 37. Qxb7 Bxc5+ 38. Ka6 Qe2+ 39. Kxa5 Qa2+ 40. Kb5 Qb3+ 0-1

[Event "Al Ain rapid"]
[Site "Al Ain"]
[Date "2014.12.18"]
[Round "5"]
[White "Safarov, Zirva"]
[Black "Mayed, Alrashedi"]
[Result "1-0"]
[WhiteElo "2104"]
[BlackElo "1764"]
[PlyCount "71"]
[EventDate "2014.12.18"]
[EventType "swiss (rapid)"]
[EventRounds "7"]
[EventCountry "UAE"]
[SourceTitle "EXT 2016"]
[Source "ChessBase"]
[SourceDate "2015.10.08"]
[SourceVersion "1"]
[SourceVersionDate "2015.10.08"]
[SourceQuality "1"]

1. e4 e5 2. Nf3 Nc6 3. Bb5 Nge7 4. 0-0 g6 5. c3 Bg7 6. d4 exd4 7. cxd4 a6 8. Ba4 b5 9. Bc2 d6 10. h3 0-0 11. a3 Na5 12. Qe2 c5 13. Rd1 Qb6 14. d5 f5 15. e5 dxe5 16. Nxe5 Qd6 17. Bf4 g5 18. Bh2 f4 19. Nf3 Bxb2 20. Bxh7+ Kxh7 21. Qxb2 Rg8 22. Nc3 Nc4 23. Qc1 Ng6 24. Nxg5+ Kg7 25. Nge4 Qf8 26. a4 b4 27. Ne2 Nge5 28. Bxf4 Kh8 29. N2g3 b3 30. Qc3 Qg7 31. Bxe5 Qxe5 32. Qxc4 b2 33. Rab1 Bf5 34. Nxf5 Qxf5 35. Qc3+ Rg7 36. Ng3 1-0

[Event "Asia-ch U20"]
[Site "Tagaytay City"]
[Date "2014.11.30"]
[Round "3"]
[White "Mayed, Alrashedi"]
[Black "Jacutina, John Merill"]
[Result "0-1"]
[WhiteElo "1908"]
[BlackElo "1947"]
[PlyCount "100"]
[EventDate "2014.11.29"]
[EventType "swiss"]
[EventRounds "9"]
[EventCountry "PHI"]
[SourceTitle "EXT 2016"]
[Source "ChessBase"]
[SourceDate "2015.10.08"]
[SourceVersion "1"]
[SourceVersionDate "2015.10.08"]
[SourceQuality "1"]

1. e4 e6 2. d4 d5 3. Nd2 c5 4. exd5 exd5 5. Bb5+ Nc6 6. Ngf3 Nf6 7. 0-0 Be7 8. dxc5 0-0 9. Nb3 Bg4 10. Be2 a5 11. a4 Qc7 12. c3 Rfe8 13. Be3 Bxf3 14. Bxf3 Ne5 15. Be2 Rad8 16. Bb5 Neg4 17. g3 Nxe3 18. fxe3 Rf8 19. Qf3 Bxc5 20. Nxc5 Qxc5 21. Rad1 Rd6 22. Rd4 Re6 23. Rfd1 Qe7 24. Re1 Re4 25. Re2 g6 26. Kg2 Kg7 27. Kg1 h5 28. h3 Qe6 29. Kg2 Rc8 30. Rxe4 dxe4 31. Qf2 Rd8 32. Rd2 Rd5 33. Rd4 Rf5 34. Qd2 h4 35. Be2 hxg3 36. Qe1 Qb6 37. b4 axb4 38. cxb4 Qc6 39. b5 Qc2 40. Rc4 Qb2 41. Rb4 Qa3 42. Bd1 Nd5 43. Rxe4 Qb2+ 44. Kxg3 Rg5+ 45. Rg4 Qe5+ 46. Kf2 Qh2+ 47. Kf3 Rf5+ 48. Ke4 Re5+ 49. Kd4 Qb2+ 50. Kc5 Nxe3+ 0-1

[Event "Abu Dhabi op 22nd"]
[Site "Abu Dhabi"]
[Date "2014.08.26"]
[Round "7"]
[White "Mayed, Alrashedi"]
[Black "Iniyan, Panneerseluam"]
[Result "0-1"]
[WhiteElo "1859"]
[BlackElo "2048"]
[PlyCount "78"]
[EventDate "2014.08.20"]
[EventType "swiss"]
[EventRounds "9"]
[EventCountry "UAE"]
[SourceTitle "CBM 162 Extra"]
[Source "ChessBase"]
[SourceDate "2014.10.17"]
[SourceVersion "1"]
[SourceVersionDate "2014.10.17"]
[SourceQuality "1"]

1. e4 c5 2. Nf3 d6 3. d4 cxd4 4. Nxd4 Nf6 5. Nc3 a6 6. g3 e5 7. Nb3 b5 8. Bg2 Bb7 9. a4 b4 10. Nd5 Nxd5 11. exd5 a5 12. Bf1 Nd7 13. Bb5 g6 14. h4 h5 15. Bg5 Be7 16. Be3 Qc7 17. Qd2 Bf6 18. c3 bxc3 19. bxc3 Ba6 20. c4 0-0 21. Rc1 e4 22. Bf4 Ne5 23. Bxe5 Bxe5 24. 0-0 Bc8 25. c5 Bh3 26. Rfe1 dxc5 27. Nxc5 Bxg3 28. Nxe4 Bh2+ 29. Kh1 Qf4 30. Re3 Qxh4 31. Qc3 Bf1 32. Nf6+ Kh8 33. Ng4+ Be5+ 34. Rh3 Bxh3 35. Nxe5 Kh7 36. Nf3 Qe4 37. Kh2 Qf5 38. Rg1 Bg4 39. Nd4 Qxf2+ 0-1

[Event "Abu Dhabi op 22nd"]
[Site "Abu Dhabi"]
[Date "2014.08.24"]
[Round "5"]
[White "Siva, Mahadevan"]
[Black "Mayed, Alrashedi"]
[Result "1-0"]
[WhiteElo "2173"]
[BlackElo "1859"]
[PlyCount "71"]
[EventDate "2014.08.20"]
[EventType "swiss"]
[EventRounds "9"]
[EventCountry "UAE"]
[SourceTitle "CBM 162 Extra"]
[Source "ChessBase"]
[SourceDate "2014.10.17"]
[SourceVersion "1"]
[SourceVersionDate "2014.10.17"]
[SourceQuality "1"]

1. e4 e5 2. Nf3 Nc6 3. Bb5 a6 4. Ba4 Nge7 5. 0-0 g6 6. c3 Bg7 7. d4 exd4 8. cxd4 b5 9. Bb3 0-0 10. Nc3 Na5 11. Bc2 d6 12. Bg5 h6 13. Bh4 g5 14. Bg3 f5 15. exf5 Bxf5 16. Re1 Nc4 17. b3 Nb6 18. Qe2 Bxc2 19. Qxc2 Nf5 20. Qe4 Qd7 21. Nd5 Nxd5 22. Qxd5+ Qf7 23. Qxf7+ Rxf7 24. Rad1 g4 25. Nh4 Nxg3 26. hxg3 c5 27. dxc5 dxc5 28. Ng6 Bd4 29. Nf4 a5 30. Re6 Kh7 31. Rb6 Rd8 32. Kf1 c4 33. Rxb5 c3 34. Rc1 Bg7 35. Rd5 Rb8 36. Rxa5 1-0

[Event "Dubai op 16th"]
[Site "Dubai"]
[Date "2014.04.08"]
[Round "2"]
[White "Carlsson, Pontus"]
[Black "Mayed, Alrashedi"]
[Result "1-0"]
[WhiteElo "2486"]
[BlackElo "1838"]
[PlyCount "91"]
[EventDate "2014.04.07"]
[EventType "swiss"]
[EventRounds "9"]
[EventCountry "UAE"]
[SourceTitle "CBM 159 Extra"]
[Source "ChessBase"]
[SourceDate "2014.04.24"]
[SourceVersion "1"]
[SourceVersionDate "2014.04.24"]
[SourceQuality "1"]

1. e4 e5 2. Nf3 Nc6 3. Bb5 a6 4. Ba4 Nf6 5. 0-0 b5 6. Bb3 Bb7 7. d3 Be7 8. a4 d6 9. Nc3 b4 10. Nd5 Na5 11. Nxb4 Nxb3 12. cxb3 d5 13. Bd2 c5 14. Nxd5 Nxd5 15. exd5 Qxd5 16. Rc1 0-0 17. Re1 f6 18. Be3 Rfd8 19. Rc3 Rac8 20. Qc2 a5 21. Rc1 Ba6 22. Ne1 Rb8 23. Bxc5 Bxc5 24. Rxc5 Qxb3 25. Qxb3+ Rxb3 26. Rxa5 Bxd3 27. Nxd3 Rdxd3 28. Ra7 h6 29. h4 Rd4 30. h5 Kh7 31. f3 Rxb2 32. Rcc7 Rb1+ 33. Kf2 Rd2+ 34. Kg3 Rg1 35. Rxg7+ Kh8 36. Kh2 Rdd1 37. Rh7+ Kg8 38. Rxh6 f5 39. Rg6+ Kh8 40. Rf6 Rh1+ 41. Kg3 f4+ 42. Kg4 Rd8 43. Rh6+ Kg8 44. Rg6+ Kh8 45. Kg5 Rd5 46. Kh6 1-0

[Event "Wch U14"]
[Site "Al Ain"]
[Date "2013.12.21"]
[Round "4"]
[White "Mayed, Alrashedi"]
[Black "Mohamed, Marshool"]
[Result "1-0"]
[WhiteElo "1820"]
[BlackElo "1557"]
[PlyCount "39"]
[EventDate "2013.12.18"]
[EventType "swiss"]
[EventRounds "11"]
[EventCountry "UAE"]
[SourceTitle "CBM 158 Extra"]
[Source "ChessBase"]
[SourceDate "2014.02.28"]
[SourceVersion "1"]
[SourceVersionDate "2014.02.28"]
[SourceQuality "1"]

1. e4 c5 2. Nf3 d6 3. d4 cxd4 4. Nxd4 Nf6 5. Nc3 Nc6 6. Bc4 h6 7. Nxc6 bxc6 8. e5 Nh7 9. Qf3 e6 10. Qxc6+ Bd7 11. Qf3 dxe5 12. Be3 Rb8 13. 0-0-0 Qc7 14. Rxd7 Kxd7 15. Qxf7+ Kd8 16. Rd1+ Bd6 17. Qxe6 Qe7 18. Rxd6+ Ke8 19. Qg6+ Kf8 20. Rd7 1-0

[Event "Wch U14"]
[Site "Al Ain"]
[Date "2013.12.19"]
[Round "2"]
[White "Mouthuy, Jacky Long"]
[Black "Mayed, Alrashedi"]
[Result "0-1"]
[WhiteElo "1388"]
[BlackElo "1820"]
[PlyCount "116"]
[EventDate "2013.12.18"]
[EventType "swiss"]
[EventRounds "11"]
[EventCountry "UAE"]
[SourceTitle "CBM 158 Extra"]
[Source "ChessBase"]
[SourceDate "2014.02.28"]
[SourceVersion "1"]
[SourceVersionDate "2014.02.28"]
[SourceQuality "1"]

1. e4 e5 2. Nf3 Nc6 3. Bc4 Nf6 4. d4 exd4 5. Ng5 d5 6. exd5 Na5 7. Qxd4 Nxc4 8. Qxc4 Qxd5 9. Qxd5 Nxd5 10. 0-0 Bd6 11. Re1+ Kf8 12. c4 Nb4 13. Re2 Bf5 14. Na3 f6 15. Ne4 Re8 16. f3 Bxe4 17. Rxe4 Rxe4 18. fxe4 Nd3 19. Nb5 Bc5+ 20. Kf1 c6 21. Nc3 Kf7 22. Ke2 Rd8 23. b3 Nxc1+ 24. Rxc1 Ke6 25. Rc2 Ke5 26. g3 Bb4 27. Ke3 Rd4 28. Ke2 Bxc3 29. Rxc3 Rxe4+ 30. Kf2 Kd4 31. Rf3 Re5 32. h3 a5 33. g4 a4 34. Rf4+ Kc3 35. Rf3+ Kb2 36. bxa4 Kxa2 37. Rd3 Re7 38. c5 Kb2 39. a5 Kc2 40. Rd4 Kc3 41. Rd1 Kb4 42. Rc1 Kxa5 43. Rb1 Ka6 44. Kf3 Ka7 45. h4 Kb8 46. Kf4 g6 47. Rd1 Kc7 48. Rd6 Rf7 49. Ke4 b6 50. Kd4 bxc5+ 51. Kxc5 f5 52. Rd4 fxg4 53. Rxg4 Rf5+ 54. Kc4 c5 55. Re4 Kd6 56. Rg4 Ke6 57. Re4+ Kf6 58. Rg4 h6 0-1

[Event "Wch U14"]
[Site "Maribor"]
[Date "2012.11.12"]
[Round "5.70"]
[White "Mayed, Alrashedi"]
[Black "Kodric, Tilen"]
[Result "1-0"]
[WhiteElo "1777"]
[BlackElo "1497"]
[PlyCount "97"]
[EventDate "2012.11.08"]
[EventType "swiss"]
[EventRounds "11"]
[EventCountry "SLO"]
[SourceTitle "EXT 2013"]
[Source "ChessBase"]
[SourceDate "2012.11.22"]
[SourceVersion "1"]
[SourceVersionDate "2012.11.22"]
[SourceQuality "1"]

1. e4 d6 2. d4 Nf6 3. Nc3 g6 4. f3 Bg7 5. Be3 0-0 6. Qd2 e5 7. d5 c6 8. 0-0-0 c5 9. g4 a6 10. Bh6 b5 11. h4 b4 12. Nce2 Bxh6 13. Qxh6 Bxg4 14. Bh3 Bh5 15. Ng3 Nbd7 16. Rf1 Qe7 17. Bxd7 Qxd7 18. Nh3 Kh8 19. Nf5 Rg8 20. Ng5 Rad8 21. Nxd6 Rdf8 22. Nc4 Rg7 23. Nxe5 Qc7 24. Nexf7+ Rfxf7 25. Nxf7+ Rxf7 26. Qe3 Qe7 27. Qd3 Nd7 28. f4 Bg4 29. e5 Nb8 30. Qc4 Qc7 31. d6 Qd7 32. Qxc5 Nc6 33. Rh2 Be6 34. h5 gxh5 35. Rxh5 Bh3 36. Rh1 Bg4 37. R5h4 Qf5 38. Qe3 Qe6 39. Qe4 Qd7 40. Rh6 Bf5 41. Qd5 Nd8 42. Rg1 Qc8 43. Rh2 Be6 44. Qd3 Qc5 45. Qg3 Rb7 46. f5 Qd5 47. fxe6 Qxe6 48. Rhg2 Qh6+ 49. Kb1 1-0